Sessional Paper No. 77 of 1956/57 (Record no. 2890)
[ view plain ]
| 000 -LEADER | |
|---|---|
| fixed length control field | 00286nam a22001097a 4500 |
| 008 - FIXED-LENGTH DATA ELEMENTS--GENERAL INFORMATION | |
| fixed length control field | 230627b xxu||||| |||| 00| 0 eng d |
| 082 ## - DEWEY DECIMAL CLASSIFICATION NUMBER | |
| Classification number | 338.9 |
| Item number | GPK |
| 245 ## - TITLE STATEMENT | |
| Title | Sessional Paper No. 77 of 1956/57 |
| Remainder of title | The Development Programme 1957/60 |
| 260 ## - PUBLICATION, DISTRIBUTION, ETC. (IMPRINT) | |
| Name of publisher, distributor, etc. | GOK |
| 300 ## - PHYSICAL DESCRIPTION | |
| Extent | IV,100p |
| 942 ## - ADDED ENTRY ELEMENTS (KOHA) | |
| Source of classification or shelving scheme | Dewey Decimal Classification |
| Koha item type | Books |
| Withdrawn status | Lost status | Source of classification or shelving scheme | Damaged status | Not for loan | Home library | Current library | Date acquired | Total Checkouts | Full call number | Barcode | Date last seen | Price effective from | Koha item type |
|---|---|---|---|---|---|---|---|---|---|---|---|---|---|
| Dewey Decimal Classification | County Hall Archives | County Hall Archives | 06/27/2023 | 338.9 GPK | 10013250 | 06/27/2023 | 06/27/2023 | Books | |||||
| Dewey Decimal Classification | County Hall Archives | County Hall Archives | 06/27/2023 | 338.9 GPK | 10013251 | 06/27/2023 | 06/27/2023 | Books | |||||
| Dewey Decimal Classification | County Hall Archives | County Hall Archives | 06/27/2023 | 338.9 GPK | 10014206 | 06/27/2023 | 06/27/2023 | Books |
